[Event "DSJ Weihnachtsturnier U20 2020"]
[Site "https://play.chessbase.com/en/play?room=DSJWeihnachtU20"]
[Date "2020.12.29"]
[Round "6"]
[White "Woelk, Tom-Frederic"]
[Black "Keyser, Philipp"]
[Result "1-0"]
[Termination "normal"]
[Board "6.2"]
[WhiteElo "2245"]
[BlackElo "2030"]
[WhiteTeam "Hamburger SK von 1830"]
[BlackTeam "SK Johanneum Eppendorf"]
[PlyCount "85"]
[WhiteFideId "12993077"]
[BlackFideId "12986437"]
[EventRounds "7"]
[EventType "team-swiss"]
[EventDate "2020.12.29"]

1. d4 {[%emt 0:00:16]} Nf6 {[%emt 0:00:02]} 2. c4 { [%emt 0:00:01]} g6 {[%emt
0:00:01]} 3. Nc3 {[%emt 0:00:01]} d5 {[%emt 0:00:01]} 4. cxd5 {[%emt 0:00:00]}
Nxd5 {[%emt 0:00:00]} 5. e4 {[%emt 0:00:00]} Nxc3 { [%emt 0:00:01]} 6. bxc3
{[%emt 0:00:00]} Bg7 {[%emt 0:00:01]} 7. Bb5+ {[%emt 0:00:01]} Bd7 {[%emt
0:00:04]} 8. Be2 {[%emt 0:00:01]} O-O {[%emt 0:00:01]} 9. Nf3 {[%emt 0:00:02]}
c5 {[%emt 0:00:04]} 10. O-O {[%emt 0:00:02]} b6 {[%emt 0:00:03]} 11. Be3 {[%emt
0:00:08]} cxd4 {[%emt 0:00:02]} 12. cxd4 {[%emt 0:00:02] } Bc6 {[%emt 0:00:01]}
13. d5 {[%emt 0:00:05]} Bb7 {[%emt 0:00:20]} 14. Bd4 { [%emt 0:00:03]} Nd7
{[%emt 0:00:02]} 15. Bxg7 {[%emt 0:00:02]} Kxg7 {[%emt 0:00:00]} 16. Qd4+
{[%emt 0:00:15]} Kg8 {[%emt 0:00:02]} 17. h4 {[%emt 0:00:01]} h5 {[%emt
0:00:02]} 18. Ng5 {[%emt 0:00:08]} Rc8 {[%emt 0:00:12]} 19. f4 { [%emt
0:00:04]} Nc5 {[%emt 0:00:04]} 20. f5 {[%emt 0:00:02]} e6 {[%emt 0:00:05] } 21.
fxg6 {[%emt 0:00:07]} fxg6 {[%emt 0:00:05]} 22. Rxf8+ {[%emt 0:00:02]} Qxf8
{[%emt 0:00:02]} 23. Rf1 {[%emt 0:00:06]} Qg7 {[%emt 0:00:02]} 24. Qxg7+ {
[%emt 0:00:02] SKJE1-002 reconnected.} Kxg7 {[%emt 0:00:15]} 25. Rf7+ {[%emt
0:00:02]} Kg8 {[%emt 0:00:01]} 26. dxe6 {[%emt 0:00:33]} Bxe4 {[%emt 0:00:08]}
27. Nxe4 {[%emt 0:00:22]} Nxe4 {[%emt 0:00:00]} 28. Rxa7 {[%emt 0:00:01]} Ng3 {
[%emt 0:00:18]} 29. Bd3 {[%emt 0:00:10]} Re8 {[%emt 0:00:10]} 30. e7 {[%emt
0:00:05]} Kf7 {[%emt 0:00:07]} 31. Kf2 {[%emt 0:00:10]} Nf5 {[%emt 0:00:11]}
32. Bxf5 {[%emt 0:00:02]} gxf5 {[%emt 0:00:00]} 33. Kf3 {[%emt 0:00:04]} Rxe7 {
[%emt 0:00:04]} 34. Rxe7+ {[%emt 0:00:02]} Kxe7 {[%emt 0:00:01]} 35. Kf4 {
[%emt 0:00:00]} Kf6 {[%emt 0:00:01]} 36. a4 {[%emt 0:00:01]} Ke6 {[%emt
0:00:08]} 37. Kg5 {[%emt 0:00:01]} Ke5 {[%emt 0:00:09]} 38. Kxh5 {[%emt
0:00:01]} Kf4 {[%emt 0:00:02]} 39. Kg6 {[%emt 0:00:02]} Kg4 {[%emt 0:00:01]}
40. h5 { [%emt 0:00:01]} f4 {[%emt 0:00:00]} 41. h6 {[%emt 0:00:01]} Kg3 {[%emt
0:00:00] } 42. Kg5 {[%emt 0:00:03]} Kxg2 {[%emt 0:00:00]} 43. Kxf4 {[%emt
0:00:01]} 1-0

[Event "DSJ Weihnachtsturnier U20 2020"]
[Site "https://play.chessbase.com/en/play?room=DSJWeihnachtU20"]
[Date "2020.12.29"]
[Round "6"]
[White "Killgus, Leonard"]
[Black "Holinka, Henning"]
[Result "0-1"]
[Termination "time forfeit"]
[Board "6.3"]
[WhiteElo "1962"]
[BlackElo "2256"]
[WhiteTeam "SK Johanneum Eppendorf"]
[BlackTeam "Hamburger SK von 1830"]
[PlyCount "50"]
[WhiteFideId "12922021"]
[BlackFideId "12967084"]
[EventRounds "7"]
[EventType "team-swiss"]
[EventDate "2020.12.29"]

1. e4 {[%emt 0:00:07]} a6 {[%emt 0:00:13]} 2. d4 {[%emt 0:00:03]} b6 {[%emt
0:00:03]} 3. f3 {[%emt 0:00:16]} Bb7 {[%emt 0:00:11]} 4. Be3 {[%emt 0:00:11]}
e6 {[%emt 0:00:19]} 5. Bd3 {[%emt 0:00:39]} Ne7 {[%emt 0:00:09]} 6. Ne2 {[%emt
0:00:15]} d5 {[%emt 0:00:03]} 7. O-O {[%emt 0:00:08]} Nd7 {[%emt 0:00:10]} 8.
Nd2 {[%emt 0:00:38]} c5 {[%emt 0:00:03]} 9. c3 {[%emt 0:00:03]} g6 {[%emt
0:00:13]} 10. Qe1 {[%emt 0:00:24]} Qc7 {[%emt 0:00:47]} 11. Qf2 {[%emt
0:01:45]} f5 { [%emt 0:00:14]} 12. Bf4 {[%emt 0:00:38]} Qc6 {[%emt 0:00:06]}
13. exf5 { [%emt 0:00:45]} gxf5 {[%emt 0:00:30]} 14. c4 {[%emt 0:00:11]} O-O-O
{[%emt 0:00:23]} 15. Rfc1 {[%emt 0:00:30]} dxc4 {[%emt 0:00:11]} 16. Nxc4
{[%emt 0:00:08]} Nd5 {[%emt 0:00:06]} 17. Be5 {[%emt 0:00:39]} Rg8 {[%emt
0:00:07]} 18. Rab1 {[%emt 0:01:42]} Nb4 {[%emt 0:00:09]} 19. Nf4 {[%emt
0:00:14]} Nxd3 { [%emt 0:00:28]} 20. Nxd3 {[%emt 0:00:00]} Qxf3 {[%emt
0:00:02]} 21. Qxf3 { [%emt 0:00:25]} Bxf3 {[%emt 0:00:03]} 22. Nf4 {[%emt
0:00:05]} Be4 {[%emt 0:00:08]} 23. Ra1 {[%emt 0:00:19]} Nxe5 {[%emt 0:00:09]}
24. Nxe5 {[%emt 0:00:39]} Rxd4 {[%emt 0:00:20]} 25. Rf1 {[%emt 0:00:03]} Bd6
{[%emt 0:00:06] TimeW} 0-1

[Event "DSJ Weihnachtsturnier U20 2020"]
[Site "https://play.chessbase.com/en/play?room=DSJWeihnachtU20"]
[Date "2020.12.29"]
[Round "6"]
[White "Meyling, Lennart"]
[Black "Neumann, Oskar"]
[Result "1-0"]
[Termination "time forfeit"]
[Board "6.4"]
[WhiteElo "2044"]
[BlackElo "1691"]
[WhiteTeam "Hamburger SK von 1830"]
[BlackTeam "SK Johanneum Eppendorf"]
[PlyCount "119"]
[WhiteFideId "12947130"]
[BlackFideId "12974218"]
[EventRounds "7"]
[EventType "team-swiss"]
[EventDate "2020.12.29"]

1. d4 {[%emt 0:00:00]} d5 {[%emt 0:00:04]} 2. h3 {[%emt 0:00:18]} Nf6 {[%emt
0:00:06]} 3. a3 {[%emt 0:00:03]} a6 {[%emt 0:00:11]} 4. g3 {[%emt 0:00:06]} e6
{ [%emt 0:00:08]} 5. Bg2 {[%emt 0:00:05]} c5 {[%emt 0:00:01]} 6. c3 {[%emt
0:00:03]} Nc6 {[%emt 0:00:03]} 7. Nf3 {[%emt 0:00:07]} b5 {[%emt 0:00:18]} 8.
O-O { [%emt 0:00:12]} Bb7 {[%emt 0:00:02]} 9. Re1 {[%emt 0:00:02]} Qc7 {[%emt
0:00:11]} 10. g4 {[%emt 0:00:02]} Be7 {[%emt 0:00:21]} 11. g5 {[%emt 0:00:05]}
Ne4 { [%emt 0:00:19]} 12. dxc5 {[%emt 0:00:09]} Bxc5 {[%emt 0:00:07]} 13. Nd4 {
[%emt 0:00:05]} Nxd4 {[%emt 0:00:18]} 14. cxd4 {[%emt 0:00:04]} Be7 {[%emt
0:00:02]} 15. f4 {[%emt 0:01:25]} Rc8 {[%emt 0:00:57]} 16. Nd2 {[%emt 0:00:11]}
Qc2 {[%emt 0:00:45]} 17. Nxe4 {[%emt 0:00:36]} dxe4 {[%emt 0:00:10]} 18. b4 {
[%emt 0:01:29]} O-O {[%emt 0:00:22]} 19. Be3 {[%emt 0:00:12]} Bd5 {[%emt
0:01:10]} 20. Rc1 {[%emt 0:00:51]} Qxd1 {[%emt 0:00:06]} 21. Rexd1 {[%emt
0:00:00]} Rc4 {[%emt 0:00:17]} 22. Rxc4 {[%emt 0:00:28]} bxc4 {[%emt 0:00:13]}
23. Rc1 { [%emt 0:00:07]} Rc8 {[%emt 0:00:08]} 24. Rc3 {[%emt 0:00:14]} f6
{[%emt 0:00:12]} 25. Bc1 {[%emt 0:00:14]} f5 {[%emt 0:00:45]} 26. Bf1 {[%emt
0:00:24]} Kf7 {[%emt 0:00:33]} 27. e3 {[%emt 0:00:06]} g6 {[%emt 0:00:25]} 28.
Kf2 {[%emt 0:00:04]} Ke8 {[%emt 0:00:03]} 29. Be2 {[%emt 0:00:04]} Kd7 {[%emt
0:00:06]} 30. Bd1 {[%emt 0:00:03]} Rc7 {[%emt 0:00:26]} 31. Bd2 {[%emt
0:00:13]} Kc8 { [%emt 0:00:03]} 32. Ba4 {[%emt 0:00:42]} Rb7 {[%emt 0:00:34]}
33. h4 {[%emt 0:00:24]} Kc7 {[%emt 0:00:18]} 34. Bb3 {[%emt 0:00:17]} Rb6
{[%emt 0:00:24]} 35. Bxc4 {[%emt 0:00:04]} Bxc4 {[%emt 0:00:10]} 36. Rxc4+
{[%emt 0:00:00]} Rc6 { [%emt 0:00:01]} 37. Rxc6+ {[%emt 0:00:17]} Kxc6 {[%emt
0:00:03]} 38. a4 { [%emt 0:00:02]} Kb6 {[%emt 0:00:06]} 39. Ke2 {[%emt
0:00:04]} Kc6 {[%emt 0:00:07]} 40. Kd1 {[%emt 0:00:01]} Kb6 {[%emt 0:00:02]}
41. Kc2 {[%emt 0:00:03]} Kc6 {[%emt 0:00:02]} 42. Kb3 {[%emt 0:00:02]} Kb6
{[%emt 0:00:09]} 43. Kc4 { [%emt 0:00:02]} Kc6 {[%emt 0:00:01]} 44. b5+ {[%emt
0:00:01]} axb5+ {[%emt 0:00:02]} 45. axb5+ {[%emt 0:00:01]} Kb6 {[%emt
0:00:07]} 46. Bb4 {[%emt 0:00:01] } Bd8 {[%emt 0:00:09]} 47. Bf8 {[%emt
0:00:08]} Bc7 {[%emt 0:00:09]} 48. Be7 { [%emt 0:00:02] '} Kb7 {[%emt 0:00:18]}
49. Kc5 {[%emt 0:00:19]} Ba5 {[%emt 0:00:01]} 50. Kd6 {[%emt 0:00:10] '} Bd2
{[%emt 0:00:02]} 51. Kxe6 {[%emt 0:00:01]} Bxe3 {[%emt 0:00:01] '} 52. d5
{[%emt 0:00:08]} Bxf4 {[%emt 0:00:01] '} 53. d6 {[%emt 0:00:16] '} e3 {[%emt
0:00:02]} 54. d7 {[%emt 0:00:02] '} Bc7 { [%emt 0:00:02]} 55. Bc5 {[%emt
0:00:05] '} e2 {[%emt 0:00:02]} 56. Bf2 { [%emt 0:00:01] '} Bd8 {[%emt
0:00:03]} 57. Kf7 {[%emt 0:00:02] '} Kc7 {[%emt 0:00:02]} 58. Ke8 {[%emt
0:00:01] '} Bxg5 {[%emt 0:00:06]} 59. hxg5 {[%emt 0:00:02]} f4 {[%emt 0:00:01]
'} 60. d8=Q+ {[%emt 0:00:01] ' TimeB} 1-0

[Event "DSJ Weihnachtsturnier U20 2020"]
[Site "https://play.chessbase.com/en/play?room=DSJWeihnachtU20"]
[Date "2020.12.29"]
[Round "6"]
[White "Reuker, Jari"]
[Black "Kolb, Tobias"]
[Result "1-0"]
[Termination "normal"]
[Board "7.1"]
[WhiteElo "2423"]
[BlackElo "2285"]
[WhiteTeam "SV Werder Bremen"]
[BlackTeam "SC 1868 Bamberg"]
[PlyCount "63"]
[WhiteFideId "12909300"]
[BlackFideId "12992321"]
[EventRounds "7"]
[EventType "team-swiss"]
[EventDate "2020.12.29"]

1. c4 {[%emt 0:00:14]} c6 {[%emt 0:00:02]} 2. Nf3 {[%emt 0:00:01]} d5 {[%emt
0:00:03]} 3. g3 {[%emt 0:00:00]} Nf6 {[%emt 0:00:02]} 4. Bg2 {[%emt 0:00:02]}
Bf5 {[%emt 0:00:01]} 5. O-O {[%emt 0:00:04]} e6 {[%emt 0:00:01]} 6. d3 {[%emt
0:00:03]} Be7 {[%emt 0:00:03]} 7. Qb3 {[%emt 0:00:04]} Qb6 {[%emt 0:00:03]} 8.
Be3 { [%emt 0:00:01]} Qxb3 {[%emt 0:00:02]} 9. axb3 {[%emt 0:00:00]} a6 {[%emt
0:00:01]} 10. Bd4 {[%emt 0:00:05]} Nbd7 {[%emt 0:00:07]} 11. Bc3 {[%emt
0:00:12]} O-O {[%emt 0:00:27]} 12. b4 {[%emt 0:00:19]} h6 {[%emt 0:00:23]} 13.
Nbd2 { [%emt 0:00:10]} Rfd8 {[%emt 0:00:25]} 14. Nb3 {[%emt 0:00:52]} dxc4
{[%emt 0:01:18]} 15. dxc4 {[%emt 0:00:00]} Ne4 {[%emt 0:00:01]} 16. Na5 {[%emt
0:00:46]} Rab8 {[%emt 0:01:09]} 17. Nd4 {[%emt 0:00:05]} Bf6 {[%emt 0:00:36]}
18. Rfd1 { [%emt 0:01:52]} Ne5 {[%emt 0:02:55]} 19. Nxf5 {[%emt 0:01:43]} exf5
{[%emt 0:01:20]} 20. Rxd8+ {[%emt 0:00:11]} Rxd8 {[%emt 0:00:05]} 21. Bxe4
{[%emt 0:00:44]} fxe4 {[%emt 0:00:03]} 22. Nxb7 {[%emt 0:00:03]} Rb8 {[%emt
0:00:09]} 23. Nd6 {[%emt 0:00:14]} Rd8 {[%emt 0:00:33]} 24. Nxe4 {[%emt
0:00:47]} Nxc4 { [%emt 0:00:03]} 25. Nxf6+ {[%emt 0:00:05]} gxf6 {[%emt
0:00:00]} 26. Rxa6 { [%emt 0:00:06]} Rd1+ {[%emt 0:00:17]} 27. Kg2 {[%emt
0:00:02]} Rb1 {[%emt 0:00:01]} 28. Rxc6 {[%emt 0:00:04]} Nxb2 {[%emt 0:00:02]}
29. Bxf6 {[%emt 0:00:27]} Na4 {[%emt 0:00:12]} 30. h4 {[%emt 0:00:17]} Rxb4
{[%emt 0:00:04]} 31. Rc8+ { [%emt 0:00:02]} Kh7 {[%emt 0:00:01]} 32. h5 {[%emt
0:00:00]} 1-0

[Event "DSJ Weihnachtsturnier U20 2020"]
[Site "https://play.chessbase.com/en/play?room=DSJWeihnachtU20"]
[Date "2020.12.29"]
[Round "6"]
[White "Köhler, Lukas"]
[Black "Wachinger, Nikolas"]
[Result "1-0"]
[Termination "normal"]
[Board "7.2"]
[WhiteElo "2127"]
[BlackElo "2369"]
[WhiteTeam "SC 1868 Bamberg"]
[BlackTeam "SV Werder Bremen"]
[PlyCount "159"]
[WhiteFideId "16221990"]
[BlackFideId "12962791"]
[EventRounds "7"]
[EventType "team-swiss"]
[EventDate "2020.12.29"]

1. e4 {[%emt 0:00:04]} c5 {[%emt 0:00:03]} 2. a3 {[%emt 0:00:43]} Nc6 {[%emt
0:00:04]} 3. b4 {[%emt 0:00:01]} Nf6 {[%emt 0:00:01]} 4. b5 {[%emt 0:00:12]}
Nd4 {[%emt 0:00:04]} 5. c3 {[%emt 0:00:17]} Ne6 {[%emt 0:00:02]} 6. e5 {[%emt
0:00:08]} Nd5 {[%emt 0:00:03]} 7. Nf3 {[%emt 0:00:18]} d6 {[%emt 0:00:22]} 8.
exd6 { [%emt 0:00:05]} Qxd6 {[%emt 0:00:04]} 9. g3 {[%emt 0:00:14]} g6 {[%emt
0:00:06] } 10. Bg2 {[%emt 0:00:15]} Bg7 {[%emt 0:00:01]} 11. O-O {[%emt
0:00:01]} O-O { [%emt 0:00:04]} 12. a4 {[%emt 0:00:03]} a6 {[%emt 0:00:44]} 13.
Na3 {[%emt 0:00:07]} Bd7 {[%emt 0:00:03]} 14. Bb2 {[%emt 0:00:15]} axb5 {[%emt
0:00:09]} 15. Nxb5 {[%emt 0:00:08]} Bxb5 {[%emt 0:00:01]} 16. axb5 {[%emt
0:00:01]} Nb6 { [%emt 0:00:01]} 17. Qe2 {[%emt 0:00:15]} Rxa1 {[%emt 0:00:15]}
18. Rxa1 { [%emt 0:00:05]} Ra8 {[%emt 0:00:01]} 19. Rxa8+ {[%emt 0:00:05]} Nxa8
{[%emt 0:00:00]} 20. d4 {[%emt 0:00:54]} Nac7 {[%emt 0:00:10]} 21. h4 {[%emt
0:01:43]} Qb6 {[%emt 0:00:34]} 22. Bf1 {[%emt 0:00:16]} Kf8 {[%emt 0:01:24]}
23. Ne5 { [%emt 0:00:22]} Bxe5 {[%emt 0:00:45]} 24. Qxe5 {[%emt 0:00:09]} f6
{[%emt 0:00:03]} 25. Qe2 {[%emt 0:01:18]} cxd4 {[%emt 0:00:11]} 26. cxd4 {[%emt
0:00:01]} Nxd4 {[%emt 0:00:02]} 27. Qe3 {[%emt 0:00:17]} e5 {[%emt 0:00:30]}
28. Qh6+ { [%emt 0:00:55]} Kg8 {[%emt 0:00:04]} 29. Bc4+ {[%emt 0:00:01]} Nde6
{[%emt 0:00:04]} 30. Ba3 {[%emt 0:00:16]} Kh8 {[%emt 0:00:57]} 31. h5 {[%emt
0:00:55]} Qd4 {[%emt 0:01:56]} 32. hxg6 {[%emt 0:00:18]} Qd7 {[%emt 0:00:07]}
33. b6 { [%emt 0:00:11]} Qg7 {[%emt 0:00:26]} 34. bxc7 {[%emt 0:00:14]} Nxc7
{[%emt 0:00:09]} 35. Qxh7+ {[%emt 0:00:03]} Qxh7 {[%emt 0:00:01]} 36. gxh7
{[%emt 0:00:00]} Kxh7 {[%emt 0:00:00]} 37. f4 {[%emt 0:00:02]} exf4 {[%emt
0:00:02]} 38. gxf4 {[%emt 0:00:00]} Kg6 {[%emt 0:00:01]} 39. Kf2 {[%emt
0:00:02]} b5 { [%emt 0:00:09]} 40. Bb3 {[%emt 0:00:02]} f5 {[%emt 0:00:07]} 41.
Ke3 {[%emt 0:00:01]} Ne8 {[%emt 0:00:10]} 42. Kd4 {[%emt 0:00:03]} Nf6 {[%emt
0:00:03]} 43. Bc2 {[%emt 0:00:04]} Ng4 {[%emt 0:00:44]} 44. Bd3 {[%emt
0:00:03]} Nh2 { [%emt 0:00:02]} 45. Bxb5 {[%emt 0:00:01]} Nf3+ {[%emt 0:00:01]}
46. Ke3 { [%emt 0:00:00]} Nh4 {[%emt 0:00:03]} 47. Bd3 {[%emt 0:00:02]} Ng2+
{[%emt 0:00:08]} 48. Kf3 {[%emt 0:00:02]} Ne1+ {[%emt 0:00:01]} 49. Ke2 {[%emt
0:00:01]} Ng2 {[%emt 0:00:00]} 50. Bc1 {[%emt 0:00:01]} Kf6 {[%emt 0:00:04]}
51. Kf3 { [%emt 0:00:02]} Ne1+ {[%emt 0:00:03]} 52. Ke2 {[%emt 0:00:01]} Ng2
{[%emt 0:00:02]} 53. Be3 {[%emt 0:00:00]} Nh4 {[%emt 0:00:10]} 54. Kf2 {[%emt
0:00:02]} Ng6 {[%emt 0:00:05]} 55. Kg3 {[%emt 0:00:02]} Ne7 {[%emt 0:00:02]}
56. Bd4+ { [%emt 0:00:03]} Kg6 {[%emt 0:00:01]} 57. Bc4 {[%emt 0:00:02]} Nc6
{[%emt 0:00:04]} 58. Bc3 {[%emt 0:00:01]} Ne7 {[%emt 0:00:03]} 59. Kf3 {[%emt
0:00:03]} Nc6 {[%emt 0:00:03]} 60. Ke3 {[%emt 0:00:01]} Kh5 {[%emt 0:00:07]}
61. Be5 { [%emt 0:00:02]} Kg6 {[%emt 0:00:05]} 62. Bd5 {[%emt 0:00:01]} Nb4
{[%emt 0:00:03]} 63. Bb3 {[%emt 0:00:01]} Nc6 {[%emt 0:00:01]} 64. Kd3 {[%emt
0:00:02]} Nb4+ {[%emt 0:00:03]} 65. Kc4 {[%emt 0:00:02]} Nc6 {[%emt 0:00:01]}
66. Kd5 { [%emt 0:00:01]} Nb4+ {[%emt 0:00:01]} 67. Ke6 {[%emt 0:00:02]} Nd3
{[%emt 0:00:05]} 68. Bc2 {[%emt 0:00:05]} Nc5+ {[%emt 0:00:02]} 69. Kd5 {[%emt
0:00:04]} Nd7 {[%emt 0:00:02]} 70. Kd6 {[%emt 0:00:03]} Nb6 {[%emt 0:00:01]}
71. Bb3 { [%emt 0:00:02]} Nc8+ {[%emt 0:00:04]} 72. Kd7 {[%emt 0:00:02]} Nb6+
{[%emt 0:00:01]} 73. Kc6 {[%emt 0:00:01]} Nc8 {[%emt 0:00:01]} 74. Bd6 {[%emt
0:00:01]} Kf6 {[%emt 0:00:03]} 75. Bc5 {[%emt 0:00:03]} Kg6 {[%emt 0:00:04]}
76. Kc7 { [%emt 0:00:02]} Kh5 {[%emt 0:00:04]} 77. Kxc8 {[%emt 0:00:01]} Kg4
{[%emt 0:00:00]} 78. Bd6 {[%emt 0:00:01]} Kf3 {[%emt 0:00:01]} 79. Be5 {[%emt
0:00:01]} Ke4 {[%emt 0:00:00]} 80. Kd7 {[%emt 0:00:01]} 1-0

[Event "DSJ Weihnachtsturnier U20 2020"]
[Site "https://play.chessbase.com/en/play?room=DSJWeihnachtU20"]
[Date "2020.12.29"]
[Round "6"]
[White "Colbow, Collin"]
[Black "Wolf, Pablo"]
[Result "1-0"]
[Termination "normal"]
[Board "7.3"]
[WhiteTitle "FM"]
[WhiteElo "2339"]
[BlackElo "2001"]
[WhiteTeam "SV Werder Bremen"]
[BlackTeam "SC 1868 Bamberg"]
[PlyCount "135"]
[WhiteFideId "16201132"]
[BlackFideId "12943894"]
[EventRounds "7"]
[EventType "team-swiss"]
[EventDate "2020.12.29"]

1. e4 {[%emt 0:00:04]} c5 {[%emt 0:00:07]} 2. Nf3 {[%emt 0:00:06]} d6 {[%emt
0:00:02]} 3. d4 {[%emt 0:00:01]} cxd4 {[%emt 0:00:01]} 4. Nxd4 {[%emt 0:00:00]}
Nf6 {[%emt 0:00:01]} 5. Nc3 {[%emt 0:00:01]} a6 {[%emt 0:00:01]} 6. Be2 { [%emt
0:00:02]} e5 {[%emt 0:00:04]} 7. Nb3 {[%emt 0:00:02]} Be6 {[%emt 0:00:01] } 8.
Be3 {[%emt 0:00:03]} Be7 {[%emt 0:00:03]} 9. O-O {[%emt 0:00:02]} O-O { [%emt
0:00:04]} 10. Qd3 {[%emt 0:00:01]} b5 {[%emt 0:00:02]} 11. a4 {[%emt 0:00:17]}
b4 {[%emt 0:00:12]} 12. Nd5 {[%emt 0:00:02]} Nxd5 {[%emt 0:00:04]} 13. exd5
{[%emt 0:00:00]} Bd7 {[%emt 0:00:01]} 14. f4 {[%emt 0:00:17]} f5 {[%emt
0:00:07]} 15. fxe5 {[%emt 0:00:17]} dxe5 {[%emt 0:00:10]} 16. d6 {[%emt
0:00:08]} Bg5 {[%emt 0:00:02]} 17. Bxg5 {[%emt 0:00:10]} Qxg5 {[%emt 0:00:00]}
18. Qd5+ { [%emt 0:00:01]} Kh8 {[%emt 0:00:01]} 19. Qxa8 {[%emt 0:00:03]} Bc6
{[%emt 0:00:01]} 20. Qxc6 {[%emt 0:01:33]} Nxc6 {[%emt 0:00:00]} 21. Bxa6
{[%emt 0:00:01]} e4 {[%emt 0:00:07]} 22. Rad1 {[%emt 0:02:08]} Ne5 {[%emt
0:00:34]} 23. d7 { [%emt 0:00:24]} Ng4 {[%emt 0:00:42]} 24. Rxf5 {[%emt
0:02:13]} Qxf5 {[%emt 0:02:36]} 25. d8=Q {[%emt 0:00:04]} Qf2+ {[%emt 0:00:01]}
26. Kh1 {[%emt 0:00:01] } Ne3 {[%emt 0:00:01]} 27. Qd2 {[%emt 0:00:32]} Nxd1
{[%emt 0:00:28]} 28. Qxd1 {[%emt 0:00:00]} e3 {[%emt 0:00:24]} 29. Be2 {[%emt
0:00:22]} h5 {[%emt 0:00:19]} 30. a5 {[%emt 0:00:35]} Kh7 {[%emt 0:00:03]} 31.
Nd4 {[%emt 0:00:45]} Rd8 {[%emt 0:00:18]} 32. Bd3+ {[%emt 0:00:02]} Kh6 {[%emt
0:00:05]} 33. Nf3 { [%emt 0:00:11]} g5 {[%emt 0:00:43]} 34. a6 {[%emt 0:00:29]}
g4 {[%emt 0:00:07]} 35. Ng1 {[%emt 0:00:01]} Kg5 {[%emt 0:01:01]} 36. Qe2
{[%emt 0:00:08]} Qf4 { [%emt 0:00:07]} 37. c3 {[%emt 0:00:05]} Rc8 {[%emt
0:00:12]} 38. c4 {[%emt 0:00:04]} Qd4 {[%emt 0:00:04]} 39. b3 {[%emt 0:00:02]}
Re8 {[%emt 0:00:07]} 40. Bc2 {[%emt 0:00:02]} Qa1 {[%emt 0:00:02]} 41. Qd3
{[%emt 0:00:01]} Qf6 { [%emt 0:00:11]} 42. a7 {[%emt 0:00:02]} e2 {[%emt
0:00:28]} 43. a8=Q {[%emt 0:00:02]} e1=Q {[%emt 0:00:01]} 44. Qdd5+ {[%emt
0:00:03]} Re5 {[%emt 0:00:23]} 45. Qag8+ {[%emt 0:00:02]} Kh6 {[%emt 0:00:01]}
46. Qd4 {[%emt 0:00:01]} Qc3 { [%emt 0:00:50]} 47. Qh7+ {[%emt 0:00:01]} Kg5
{[%emt 0:00:01]} 48. Qxc3 { [%emt 0:00:01]} bxc3 {[%emt 0:00:01]} 49. Qg8+
{[%emt 0:00:00]} Kh6 {[%emt 0:00:01]} 50. Qh7+ {[%emt 0:00:01]} Kg5 {[%emt
0:00:00]} 51. b4 {[%emt 0:00:05]} Re1 {[%emt 0:00:11]} 52. Qg8+ {[%emt
0:00:01]} Kh6 {[%emt 0:00:01]} 53. Qh7+ { [%emt 0:00:01]} Kg5 {[%emt 0:00:01]}
54. Qd3 {[%emt 0:00:04]} Qe6 {[%emt 0:00:23]} 55. c5 {[%emt 0:00:03]} Re3
{[%emt 0:00:06]} 56. Qh7 {[%emt 0:00:04]} Re1 {[%emt 0:00:01]} 57. Qg7+ {[%emt
0:00:01]} Kf4 {[%emt 0:00:01]} 58. Qd4+ { [%emt 0:00:02]} Kg5 {[%emt 0:00:01]}
59. Qg7+ {[%emt 0:00:01]} Kf4 {[%emt 0:00:01]} 60. Qd4+ {[%emt 0:00:02]} Kg5
{[%emt 0:00:01]} 61. b5 {[%emt 0:00:01]} Rc1 {[%emt 0:00:07]} 62. Qg7+ {[%emt
0:00:02]} Kf4 {[%emt 0:00:01]} 63. Qd4+ { [%emt 0:00:02]} Kg5 {[%emt 0:00:01]}
64. Qd3 {[%emt 0:00:02]} Qe1 {[%emt 0:00:03]} 65. Qg6+ {[%emt 0:00:02]} Kf4
{[%emt 0:00:00]} 66. Qf5+ {[%emt 0:00:01]} Ke3 {[%emt 0:00:00]} 67. Qe4+ {[%emt
0:00:01]} Kf2 {[%emt 0:00:00]} 68. Qf4# { [%emt 0:00:01]} 1-0

[Event "DSJ Weihnachtsturnier U20 2020"]
[Site "https://play.chessbase.com/en/play?room=DSJWeihnachtU20"]
[Date "2020.12.29"]
[Round "6"]
[White "Tahirovic, Denis"]
[Black "Helms, Finn"]
[Result "1-0"]
[Termination "normal"]
[Board "7.4"]
[WhiteElo "1439"]
[BlackElo "1934"]
[WhiteTeam "SC 1868 Bamberg"]
[BlackTeam "SV Werder Bremen"]
[PlyCount "49"]
[WhiteFideId "16258762"]
[BlackFideId "16249143"]
[EventRounds "7"]
[EventType "team-swiss"]
[EventDate "2020.12.29"]

1. e4 {[%emt 0:00:06]} c6 {[%emt 0:00:02]} 2. d4 {[%emt 0:00:02]} d5 {[%emt
0:00:02]} 3. e5 {[%emt 0:00:01]} c5 {[%emt 0:00:02]} 4. dxc5 {[%emt 0:00:01]}
e6 {[%emt 0:00:03]} 5. a3 {[%emt 0:00:03]} Nc6 {[%emt 0:00:04]} 6. Nf3 {[%emt
0:00:08]} Bxc5 {[%emt 0:00:04]} 7. b4 {[%emt 0:00:02]} Bb6 {[%emt 0:00:02]} 8.
Bd3 {[%emt 0:00:18]} Nge7 {[%emt 0:00:03]} 9. O-O {[%emt 0:00:02]} Ng6 { [%emt
0:00:01]} 10. Bb2 {[%emt 0:00:06]} Bc7 {[%emt 0:00:04]} 11. Re1 {[%emt
0:00:03]} O-O {[%emt 0:00:02]} 12. Nbd2 {[%emt 0:00:06]} Bd7 {[%emt 0:01:05]}
13. c4 {[%emt 0:00:38]} Nf4 {[%emt 0:00:14]} 14. Bc2 {[%emt 0:00:10]} dxc4 {
[%emt 0:00:07]} 15. Nxc4 {[%emt 0:00:00]} Ne7 {[%emt 0:00:37]} 16. g3 {[%emt
0:00:29]} Nfd5 {[%emt 0:00:32]} 17. Bxh7+ {[%emt 0:02:08]} Kxh7 {[%emt
0:00:51]} 18. Ng5+ {[%emt 0:00:02]} Kg6 {[%emt 0:01:01]} 19. Qg4 {[%emt
0:00:12]} f5 { [%emt 0:00:05]} 20. exf6 {[%emt 0:00:25]} Nxf6 {[%emt 0:00:13]}
21. Bxf6 { [%emt 0:00:04]} Kxf6 {[%emt 0:00:01]} 22. Nxe6 {[%emt 0:00:49]} g5
{[%emt 0:03:25]} 23. Qxg5+ {[%emt 0:00:18]} Kf7 {[%emt 0:00:05]} 24. Nxd8+
{[%emt 0:00:22]} Raxd8 {[%emt 0:00:03]} 25. Rxe7# {[%emt 0:00:03]} 1-0